000 00483cam a22001934a 4500
005 20250605164312.0
008 250528s ||||||||||||||||||||||||d
035 _a22548
020 _a9781402011009
040 _aGR-AtMCL
_bgre
_dGR-AtMCL
_eAACR2
245 1 _aADVANCES IN QUALITY OF LIFE RESEARCH 2001
250 _a1
260 _bKluwer Academic Publishers,
_c2002
300 _a334
700 1 _aZumbo Bruno D
_98333
942 _cBK
999 _c7596
_d7596